000 00376nam a22001451a 4500
020 _a9788170249818
082 _a338.479 154
_bYAS/T
100 _aYashodhara Jain
245 _aTourism development:
_bproblems and prospects/
_cby Yashodhara Jain
260 _aNew Delhi:
_bA P H,
_c1998.
300 _a124p.
650 _aTourism
650 _aSocial Sciences
942 _cBK
999 _c47319
_d47319